000 00839nam a2200217 4500
003 CO-ViMGA
020 _a9789587661583
040 _aCO-ViMGA
_bspa
_cCO-ViMGA
082 0 4 _aI611.23
_bB15a
100 1 _aBampton, Claire
_96497
245 1 0 _aEl asombroso cuerpo humano en tercera dimensión /
_ctexto, Claire Bampton ; ilustraciones, Lee Montgomery y Anne Sharp ; traducción del inglés, Cristina Ramos Solís
260 _aBogota :
_bPanamericana,
_c2013
300 _a[12] p.
_bcol. ; 31 cm.
500 _a¡Incluye cinco desplegables y un increíble modelo en 3D
650 1 4 _aCuerpo humano
_vEnseñanza
_xLiteratura juvenil
_96498
650 1 4 _aCuerpo humano
_vObras ilustradas
_96499
700 1 _a Montgomery, lee,
_eil.
_96500
700 1 _aRamos Solís, Cristina
_eTr.
_96502
700 1 _aSharp, Anne,
_eil.
_96501
942 _2ddc
_cBK
999 _c37539
_d37539